Règne de Louis XV - Statistiques

Statistiques générales
  • Ce quiz a été pris 194 fois
  • Le résultat moyen est 15 sur 27
Statistiques - réponses
Question Réponse % Correct
Sa dynastie Bourbon
96%
Son surnom le plus célèbre Le {Bien}-Aimé
96%
Lieu du sacre de Louix XV en 1722 Reims
89%
Nom donné au XVIIIe siècle, marqué par ses révolutions intellectuelles et spirituelles Siècle des {Lumières}
83%
Philosophe marquant de ce siècle connu pour ses ouvrages comme "Candide" ou "Zadig" Voltaire
83%
Son épouse royale Marie Leszcynska était originaire de ce pays Pologne
82%
Période pendant laquelle il est placé sous tutelle Régence
82%
Son oncle, qui fût son tuteur pendant cette période Duc d'{Orléans}
78%
Ouvrage réalisé par Diderot et d’Alembert L'{Encyclopédie}
77%
Marquise et favorite officielle, ayant organisé de nombreuses fêtes coûteuses Madame de Pompadour
72%
Nom du château construit pour elle à Versailles Petit {Trianon}
66%
Conflit à l’issu duquel il perd des colonies en 1763 Guerre de {Sept} {Ans}
64%
Son allié Frédéric le Grand fut à la tête de cet empire Prusse
63%
Région historique dans laquelle un loup attaqua plusieurs humains entre 1764 et 1767 Gévaudan
53%
Citation qui lui est attribué: "Après moi le ______" Déluge
49%
Son principal ministre entre 1726 et 1743 Cardinal de {Fleury}
48%
Dernière favorite de Louis XIV Madame du Barry
47%
Surnom du père de Louis XV, qui mourut à l'âge de 29 ans Petit {Dauphin}
44%
Espion travesti qui s'illustra pendant cette guerre Chevalier d'{Éon}
41%
Louis XV meurt de cette maladie en 1774 Variole
34%
Impôt instauré en 1749, visant à remplacer le dixième Vingtième
30%
Premier ministre, qui contribua à l'échec de la France lors de cette guerre Choiseul
28%
Victoire française lors de la guerre de Succession d'Autriche en 1745 Bataille de {Fontenoy}
22%
Institution de renommée fondée en 1751 École {militaire}
22%
Premier navigateur français à effectuer un tour du monde Louis-Antoine de Bougainville
14%
Compositeur du classicisme français connu pour être un virtuose du clavecin Jean-Philippe Rameau
11%
Évenement qui marqua la musique française entre 1754 et 1756 Querelle des {Bouffons}
3%
Aucun quiz correspondant
Distribution des résultats
% des personnes avec chaque résultat
Percentile par nombre de réponses
Votre historique - résultats
Vous n’avez pas pris ce quiz